[Event "GER-chT Christmas U20"]
[Site "Playchess.com INT"]
[Date "2020.12.29"]
[Round "2.3"]
[White "Kroschel, Anton"]
[Black "Schwegler, Tim"]
[Result "1-0"]
[WhiteElo "1754"]
[BlackElo "1623"]
[PlyCount "83"]
[EventDate "2020.12.29"]
[EventType "team-swiss (blitz)"]
[EventRounds "7"]
[EventCountry "GER"]
[SourceTitle "CBM 200 Extra"]
[Source "ChessBase"]
[SourceDate "2021.03.31"]
[SourceVersion "1"]
[SourceVersionDate "2021.03.31"]
[SourceQuality "1"]
[WhiteTeam "Luebeck"]
[BlackTeam "Leipheim"]
[WhiteTeamCountry "GER"]
[BlackTeamCountry "GER"]

1. Nf3 Nc6 2. d4 d5 3. g3 Nf6 4. Bg2 Bf5 5. c3 e6 6. Nbd2 Bd6 7. Nh4 Bg6 8. Nxg6 fxg6 9. 0-0 0-0 10. e4 Be7 11. e5 Nd7 12. Bh3 Nb6 13. Bxe6+ Kh8 14. Bg4 Bg5 15. Nb3 Bxc1 16. Qxc1 Ne7 17. Nc5 Qe8 18. Ne6 h5 19. Be2 Qd7 20. Nxf8 Rxf8 21. Kg2 Qf5 22. f3 g5 23. Qd2 g4 24. fxg4 Qe4+ 25. Kg1 Rxf1+ 26. Rxf1 hxg4 27. Rf8+ Kh7 28. Bd3 Qxd3 29. Qxd3+ Kh6 30. Rh8+ Kg5 31. Qe3+ Kg6 32. Qf4 Nc4 33. Qxg4+ Kf7 34. Qf4+ Kg6 35. h4 Nf5 36. h5+ Kf7 37. Qxf5+ Ke7 38. e6 Kd6 39. Rd8+ Kc6 40. Qxd5+ Kb6 41. a4 Na5 42. Qb5# 1-0

[Event "GER-chT Christmas U20"]
[Site "Playchess.com INT"]
[Date "2020.12.29"]
[Round "6.3"]
[White "Schwegler, Tim"]
[Black "Michels, Fabio"]
[Result "0-1"]
[WhiteElo "1623"]
[BlackElo "1865"]
[PlyCount "124"]
[EventDate "2020.12.29"]
[EventType "team-swiss (blitz)"]
[EventRounds "7"]
[EventCountry "GER"]
[SourceTitle "CBM 200 Extra"]
[Source "ChessBase"]
[SourceDate "2021.03.31"]
[SourceVersion "1"]
[SourceVersionDate "2021.03.31"]
[SourceQuality "1"]
[WhiteTeam "Leipheim"]
[BlackTeam "Kastellaun"]
[WhiteTeamCountry "GER"]
[BlackTeamCountry "GER"]

1. e4 c5 2. c3 d5 3. exd5 Qxd5 4. d4 Nc6 5. Nf3 Nf6 6. Be2 g6 7. 0-0 Bg7 8. c4 Qd6 9. d5 Ne5 10. Nc3 Bg4 11. h3 Bxf3 12. Bxf3 0-0 13. b3 Nxf3+ 14. Qxf3 a6 15. Bf4 Qd7 16. Ne4 Nxe4 17. Qxe4 Bxa1 18. Rxa1 Rfe8 19. Bh6 e5 20. Re1 f5 21. Qc2 Rac8 22. Qb2 Qc7 23. Qd2 Qd6 24. f4 exf4 25. Bxf4 Qf6 26. Rf1 Qd4+ 27. Qxd4 cxd4 28. Rd1 Re2 29. Bg3 Rce8 30. Rxd4 Rxa2 31. d6 Rd8 32. d7 Kf7 33. Bc7 Ke7 34. Bxd8+ Kxd8 35. c5 Rb2 36. b4 Rc2 37. Kh2 a5 38. bxa5 Rxc5 39. Rb4 Rc7 40. a6 bxa6 41. Rb8+ Kxd7 42. Ra8 Rc6 43. Ra7+ Ke6 44. Rxh7 Rc1 45. Ra7 Ra1 46. Kg3 a5 47. Kf4 a4 48. g4 fxg4 49. hxg4 a3 50. Kg5 a2 51. Ra6+ Ke5 52. Rxg6 Rg1 53. Ra6 a1Q 54. Rxa1 Rxa1 55. Kg6 Rg1 56. g5 Kf4 57. Kh6 Rxg5 58. Kh7 Kf5 59. Kh8 Kf6 60. Kh7 Kf7 61. Kh6 Ra5 62. Kh7 Rh5# 0-1

[Event "GER-chT Christmas U20"]
[Site "Playchess.com INT"]
[Date "2020.12.29"]
[Round "1.3"]
[White "Schwegler, Tim"]
[Black "Steinhauer, Artur"]
[Result "0-1"]
[WhiteElo "1623"]
[BlackElo "1462"]
[PlyCount "98"]
[EventDate "2020.12.29"]
[EventType "team-swiss (blitz)"]
[EventRounds "7"]
[EventCountry "GER"]
[SourceTitle "CBM 200 Extra"]
[Source "ChessBase"]
[SourceDate "2021.03.31"]
[SourceVersion "1"]
[SourceVersionDate "2021.03.31"]
[SourceQuality "1"]
[WhiteTeam "Leipheim"]
[BlackTeam "Regensburg Bavaria"]
[WhiteTeamCountry "GER"]
[BlackTeamCountry "GER"]

1. e4 c5 2. c3 d5 3. exd5 Qxd5 4. d4 Nf6 5. Nf3 Nc6 6. Be2 Bg4 7. h3 Bh5 8. 0-0 e6 9. Nbd2 cxd4 10. cxd4 Be7 11. b3 0-0 12. Bb2 Rfd8 13. Bc4 Qa5 14. Qc2 Rac8 15. Bc3 Bb4 16. Bb2 Bxd2 17. Nxd2 Nxd4 18. Bxd4 Rxd4 19. b4 Qc7 20. Qb2 Rxc4 21. Nxc4 Be2 22. Rfc1 Bxc4 23. b5 Nd5 24. a4 Qf4 25. Ra3 Rc7 26. Rf3 Qe4 27. Rg3 f6 28. Rg4 Qd3 29. Rg3 Qe2 30. Qd4 b6 31. Re3 e5 32. Rxe2 exd4 33. Rec2 Nc3 34. Rd2 Rd7 35. Kh2 Rd5 36. g3 Kf7 37. Kg2 Bb3 38. Kf3 Bxa4 39. Ra1 Kg6 40. Kg2 Bxb5 41. Rxa7 Ne4 42. Rd1 d3 43. Ra3 d2 44. Raa1 Be2 45. Rdb1 d1Q 46. Rxd1 Rxd1 47. Ra4 Ng5 48. h4 Bf3+ 49. Kh2 Rh1# 0-1